000 00311nam a22001217a 4500
082 _a220 PRO
100 _aKINZA, AWAIS, ANUM
_971641
245 _aPR-SOF-1351-SEGWAY ELECTRIC VEHICLE
260 _aISLAMABAD
_bNUST COLLEGE OF EME
_c2014
650 _a DE-MTS-32
700 _aDR UMER IZHAR
_929344
942 _cCR
999 _c578048
_d578048